| 000 | 00801nam a2200217 a 4500 | ||
|---|---|---|---|
| 001 | 40015 | ||
| 003 | BD-RjUL | ||
| 005 | 20211209053122.0 | ||
| 008 | 160421m19761969bg ||||| |||| 00| 0 ben d | ||
| 035 | _a(BD-RjUL)40129 | ||
| 040 |
_aBD-RjUL _bben _cBD-RjUL |
||
| 041 | _aben | ||
| 082 |
_223 _a297 _bISL 1976 |
||
| 245 | 0 | 0 |
_aইসলামের দৃষ্টিতে সমাজ / _cইসলামিক ফাউন্ডেশন |
| 260 |
_aঢাকা : _bইসলামিক ফাউন্ডশন, _c১৯৭৬. |
||
| 300 |
_a[৬] ১২০পৃ. ; _c২১ সেমি. |
||
| 650 |
_a ইসলামী সমাজবিজ্ঞান _9123238 |
||
| 650 |
_a Islamic sociology _9123239 |
||
| 700 |
_aফাউন্ডশন ইসলামিক _9123240 |
||
| 942 |
_2ddc _cBK |
||
| 999 |
_c40015 _d40015 |
||